| 000 | 01874nam a2200277Ia 4500 | ||
|---|---|---|---|
| 003 | OSt | ||
| 005 | 20250808134912.0 | ||
| 008 | 220909b |||||||| |||| 00| 0 eng d | ||
| 020 | _a9780470026793 | ||
| 037 | _cTextual | ||
| 040 |
_aCSL _beng _cCSL |
||
| 041 | _aeng | ||
| 084 |
_aCN1 P9;6 _qCSL |
||
| 100 | _aZettili, Nouredine | ||
| 245 | 0 |
_aQuantum mechanics _b: Concepts and applications |
|
| 250 | _a2nd ed. | ||
| 260 |
_aChichester: _bWiley, _c2009. |
||
| 300 |
_axvi, 671p. _b: ill. |
||
| 500 | _aAppendix A-C, 653-664p.; Index 665-671p. | ||
| 520 | _aQuantum Mechanics: Concepts and Applications provides a clear, balanced and modern introduction to the subject. Written with the student’s background and ability in mind the book takes an innovative approach to quantum mechanics by combining the essential elements of the theory with the practical applications: it is therefore both a textbook and a problem solving book in one self-contained volume. Carefully structured, the book starts with the experimental basis of quantum mechanics and then discusses its mathematical tools. Subsequent chapters cover the formal foundations of the subject, the exact solutions of the Schrödinger equation for one and three dimensional potentials, time-independent and time-dependent approximation methods, and finally, the theory of scattering. The text is richly illustrated throughout with many worked examples and numerous problems with step-by-step solutions designed to help the reader master the machinery of quantum mechanics. The new edition has been completely updated and a solutions manual is available on request. | ||
| 650 |
_a Quantum theory _9817577 |
||
| 650 | _aMechanics | ||
| 650 | _aPhysics | ||
| 942 |
_hCN1 P9;6 _cTEXL _2CC _e7th _n0 |
||
| 999 |
_c27179 _d27179 |
||